TOP 20 des plus grands clubs du monde selon l'UEFA - Statistiques

Statistiques générales
  • Ce quiz a été pris 724 fois
    295 depuis la dernière actualisation
  • Le résultat moyen est 8 sur 20
Statistiques - réponses
TOP Points UEFA Clubs % Correct
1 143 500 Real Madrid
97%
5 113 00 PSG
83%
2 137 500 Manchester City
76%
11 99 500 Manchester United
70%
4 125 500 Liverpool
68%
10 103 250 FC Barcelone
64%
6 112 750 Inter Milan
62%
3 132 250 Bayern Munich
61%
19 78 000 AC Milan
59%
8 104 500 Chelsea
51%
13 93 500 Atletico Madrid
41%
7 106 750 Borussia Dortmund
18%
18 79 750 FC Porto
12%
9 104 500 AS Roma
11%
14 95 250 Bayer Leverkusen
9%
12 98 000 Arsenal FC
6%
16 82 000 Atalanta
5%
17 82 000 Villareal
4%
20 78 000 RB Leipzig
2%
15 87 750 SL Benfica
2%
Aucun quiz correspondant
Distribution des résultats
% des personnes avec chaque résultat
Percentile par nombre de réponses
Votre historique - résultats
Vous n’avez pas pris ce quiz depuis la dernière actualisation